Clubs où a joué Antoine Griezmann - Statistiques

Statistiques générales
  • Ce quiz a été pris 144 fois
  • Le résultat moyen est 5 sur 7
Statistiques - réponses
Année Club Pays % Correct
2005 - 2009 Real Sociedad Espagne
91%
2009 - 2014 Real Sociedad Espagne
91%
2019 - 2022 FC Barcelone Espagne
87%
2014 - 2019 Atletico de Madrid Espagne
67%
2021 - 2022 Atletico de Madrid Espagne
67%
depuis 2022 Atletico de Madrid Espagne
67%
1997 - 2005 UF Macon France
16%
Aucun quiz correspondant
Distribution des résultats
% des personnes avec chaque résultat
Percentile par nombre de réponses
Votre historique - résultats
Vous n’avez pas pris ce quiz